| 000 | 00663nam a2200241Ia 4500 | ||
|---|---|---|---|
| 003 | OSt | ||
| 005 | 20221007063556.0 | ||
| 006 | a|||||r|||| 00| 0 | ||
| 007 | ta | ||
| 008 | 221006b |||||||| |||| 00| 0 eng d | ||
| 024 | _a21,378 | ||
| 037 | _cTextual | ||
| 040 |
_aFLL _cFLL _beng |
||
| 041 |
_2eng _aeng |
||
| 082 | _aZ2:121q N29, G9 | ||
| 100 |
_aChand Tek _9682956 |
||
| 245 | 0 | _aChild marriage restraint act | |
| 260 |
_aCalcutta _bEastern Law House India _c1939 |
||
| 300 |
_axviii, 107p _ccm. |
||
| 700 |
_a Sarin H. L. _9345931 |
||
| 942 |
_hZ2:121q N29, G9 _cTEXL _2CC |
||
| 999 |
_c1131591 _d1131591 |
||